00550 2200205 4500001002100000005001500021035002000036007000300056008004100059020001800100082000800118084001400126100001800140245007600158250001000234260003000244300003600274600002300310990001100333INLIS00000000000404620190822123355 a0010-0819000189ta190822 g 0 ind  a979-9492-67-X a306 a306 WIY g0 aWIYATA,Latief1 aCarok :bKonflik kekerasan dan harga diri orang madura /cLatief Wiyata aCet.2 aYOGYAKARTA :bLKis,c2013 axxxviii,298 hlm ;c14,5 x 21 cm 4aANTROPOLOGI BUDAYA a6003 c